Chemistry : The molecular nature of matter and change
Contains macroscopic to microscopic molecular illustrations, consistent step-by-step worked exercises in every chapter, and an extensive range of end-of-chapter problems which provide engaging applications covering a wide variety of freshman interests, including engineering, medicine, materials, and...
Saved in:
| Main Author: | |
|---|---|
| Format: | Book |
| Language: | Undetermined |
| Published: |
Boston
McGraw-Hill
2009
|
| Subjects: | |
| Tags: |
Add Tag
No Tags, Be the first to tag this record!
|
| Institutions: | Trung tâm Học liệu Trường Đại học Cần Thơ |
|---|
| LEADER | 00886nam a2200205Ia 4500 | ||
|---|---|---|---|
| 001 | CTU_187254 | ||
| 008 | 210402s9999 xx 000 0 und d | ||
| 082 | |a 540 | ||
| 082 | |b S582 | ||
| 100 | |a Silberberg, Martin Stuart | ||
| 245 | 0 | |a Chemistry : | |
| 245 | 4 | |b The molecular nature of matter and change | |
| 245 | 0 | |c Martin S. Silberberg, Elizabeth Bent Weberg | |
| 260 | |a Boston | ||
| 260 | |b McGraw-Hill | ||
| 260 | |c 2009 | ||
| 520 | |a Contains macroscopic to microscopic molecular illustrations, consistent step-by-step worked exercises in every chapter, and an extensive range of end-of-chapter problems which provide engaging applications covering a wide variety of freshman interests, including engineering, medicine, materials, and environmental studies. | ||
| 650 | |a Chemistry,Hóa học | ||
| 904 | |i Giang | ||
| 980 | |a Trung tâm Học liệu Trường Đại học Cần Thơ | ||